Dünyanın derin devleti İlluminati yeni dünya düzeni, Tanrı İmparatorluğu (Record no. 13768)

MARC details
000 -BAŞLIK
Sabit Uzunluktaki Kontrol Alanı 00600nam a22002057a 4500
003 - KONTROL NUMARASI KİMLİĞİ
Kontrol Alanı koha_MIRAKIL
005 - EN SON İŞLEM TARİHİ ve ZAMANI
Kontrol Alanı 20231213100043.0
008 - SABİT UZUNLUKTAKİ VERİ ÖGELERİ - GENEL BİLGİ
Sabit Alan 231213b |||||||| |||| 00| 0 ||| d
020 ## - ISBN - ULUSLARARASI STANDART KİTAP NUMARASI
-- 978-9-94430094-0
040 ## - KATALOGLAMA KAYNAĞI
Özgün Kataloglama Kurumu TR-IsEVY
Kataloglama Dili tur
Çeviri Kurumu TR-IsEVY
082 ## - DEWEY ONU SINIFLAMA SİSTEMİ
Sınıflama Numarası 366.09 KUZ/D
100 ## - KİŞİ ADI
Yazar Adı (Kişi adı) Kuzu, Ali.
245 #0 - ESER ADI BİLDİRİMİ
Başlık Dünyanın derin devleti İlluminati yeni dünya düzeni, Tanrı İmparatorluğu
250 ## - BASIM BİLDİRİMİ
Basım Bildirimi 13. bs.
260 ## - YAYIN, DAĞITIM, VB.
Yayınevi Kariyer Yayıncılık,
Yayın Tarihi 2015
300 ## - FİZİKSEL TANIMLAMA
Sayfa, Cilt vb. 486 s.
650 ## - KONU BAŞLIĞI EK GİRİŞ - KONU TERİMİ
Konusal terim veya coğrafi ad Conspiacies.
650 ## - KONU BAŞLIĞI EK GİRİŞ - KONU TERİMİ
Konusal terim veya coğrafi ad Gizli topluluklar -- Amerika Birleşik Devletleri.
942 ## - EK GİRİŞ ÖGELERİ (KOHA)
Source of classification or shelving scheme Dewey Decimal Classification
Koha item type Kitap
Holdings
Kayıp Durumu Sınıflandırma Kaynağı Hasarlı Durumu Kalıcı Konum Mevcut Konum Kayıt Tarih Edinim Kaynağı Yer Numarası Demirbaş Numarası Son Görülme Tarihi Fatura Tarihi Materyal Türü
  Dewey Decimal Classification   LİSE KÜTÜPHANESİ LİSE KÜTÜPHANESİ 12/02/2016 Satınalma 366.09 KUZ/D 14355 13/12/2023 11/10/2016 Kitap